Online
Catalog

Compendio de la historia de la revolución francesa / (Record no. 23869)

MARC details
000 -CABECERA
campo de control de longitud fija 00720nam a2200205 a 4500
001 - NÚMERO DE CONTROL
campo de control 000024376
005 - FECHA Y HORA DE LA ÚLTIMA TRANSACCIÓN
campo de control 20200930022946.0
008 - DATOS DE LONGITUD FIJA--INFORMACIÓN GENERAL
campo de control de longitud fija 110126s1972 sp r 000 0 spa d
040 ## - FUENTE DE LA CATALOGACIÓN
Centro catalogador/agencia de origen DO-SdBNP
Lengua de catalogación spa
Centro/agencia transcriptor BNPHU
082 ## - NÚMERO DE LA CLASIFICACIÓN DECIMAL DEWEY
Número de clasificación xxxxx
Número de documento/Ítem S677c
049 ## - FONDOS LOCALES (OCLC)
Fondos de biblioteca BNGR
100 1# - ENTRADA PRINCIPAL--NOMBRE DE PERSONA
Nombre de persona Soboul, Albert
9 (RLIN) 48458
245 10 - MENCIÓN DE TÍTULO
Título Compendio de la historia de la revolución francesa /
Mención de responsabilidad, etc. Albert Soboul ; traducción E. Tierno Galván.
250 ## - MENCIÓN DE EDICIÓN
Mención de edición 1a reimp.
260 ## - PUBLICACIÓN, DISTRIBUCIÓN, ETC.
Lugar de publicación, distribución, etc. Madrid :
Nombre del editor, distribuidor, etc. Técnos,
Fecha de publicación, distribución, etc. 1972.
300 ## - DESCRIPCIÓN FÍSICA
Extensión 466 p. ;
Dimensiones 23 cm.
504 ## - NOTA DE BIBLIOGRAFÍA, ETC.
Nota de bibliografía, etc. Incluye referencias bibliográficas y notas al pie de las páginas.
534 ## - NOTA SOBRE LA VERSIÓN ORIGINAL
Frase introductoria Título original.
Mención de título del original Précis d´histoire de la révolution française.
700 1# - PUNTO DE ACCESO ADICIONAL--NOMBRE DE PERSONA
Nombre de persona Tierno Galván, E.,
Término indicativo de función/relación tr.
9 (RLIN) 49986
Holdings
Estado de retiro Estado de pérdida Restricciones de uso No para préstamo Código de colección Localización permanente Ubicación/localización actual Ubicación en estantería Fecha de adquisición Número de inventario Total de préstamos Signatura topográfica completa Código de barras Fecha visto por última vez Precio válido a partir de Tipo de ítem Koha
        Monografías: Libros y Folletos General General En catalogación 26.01.2011 LF1   xxxxx S677c 24376-10 25.06.2020 25.06.2020 Préstamo en sala

Powered by Koha